[Event "SVK 1.liga vychod 2014/2015"]
[Site "Dolny Kubin"]
[Date "2015.03.14"]
[Round "10"]
[Board "1"]
[White "Vyparina, Matej"]
[Black "Tauber, Marek"]
[Result "1-0"]
[WhiteElo "2287"]
[BlackElo "2173"]
[PlyCount "143"]
[EventDate "2014.10.18"]
[EventType "team"]
[EventRounds "11"]
[EventCountry "SVK"]
[WhiteTeam "Dolny Kubin MSK"]
[BlackTeam "Kezmarok MSK CORA GEO  KdV"]

1. e4 e5 2. Nf3 Nc6 3. Bb5 a6 4. Ba4 Nf6 5. d4 exd4 6. e5 Ne4 7. O-O Be7 8.
Nxd4 Nxd4 9. Qxd4 Nc5 10. Nc3 O-O 11. Be3 d6 12. Rad1 Nxa4 13. Qxa4 Bd7 14. Qd4
Bc6 15. Bf4 dxe5 16. Qxe5 Bd6 17. Qh5 Qf6 18. Bxd6 cxd6 19. Rd3 Rfe8 20. Rh3
Qg6 21. Qxg6 hxg6 22. Rd1 Rad8 23. Rhd3 Re6 24. f3 Kf8 25. Kf2 Ke7 26. Rd4 Rh8
27. h3 Rh5 28. R1d2 Rhe5 29. Ne2 g5 30. a4 a5 31. b3 Rc5 32. Rg4 g6 33. Rgd4
Rce5 34. Rc4 Rc5 35. Rcd4 Rce5 36. R4d3 f5 37. Nd4 Rf6 38. Rc3 Kd7 39. Rdd3 g4
40. hxg4 fxg4 41. Rd1 Rh5 42. Re3 gxf3 43. gxf3 Rh4 44. c3 Rh7 45. Rde1 Rhf7
46. Rg1 Kc7 47. Rg3 Bd7 48. Re1 Rh7 49. Reg1 Rh2+ 50. Ke3 Be8 51. Rg4 Rh3 52.
Rg5 b6 53. R1g4 Bf7 54. Re4 Kd7 55. Rb5 d5 56. Rf4 Rxf4 57. Kxf4 Kc7 58. b4
axb4 59. cxb4 Rh1 60. a5 bxa5 61. bxa5 Ra1 62. Ke5 Ra4 63. Rc5+ Kd7 64. Nc6 Rc4
65. Nb8+ Kd8 66. Kd6 Rxc5 67. Kxc5 Kc7 68. Nc6 g5 69. a6 Bh5 70. Nd4 Bf7 71.
Nb5+ Kb8 72. Kb6 1-0

[Event "SVK 1.liga vychod 2014/2015"]
[Site "Dolny Kubin"]
[Date "2015.03.14"]
[Round "10"]
[Board "2"]
[White "Andras, Tomas"]
[Black "Palider, Pavol"]
[Result "1/2-1/2"]
[WhiteElo "2121"]
[BlackElo "2086"]
[PlyCount "72"]
[EventDate "2014.10.18"]
[EventType "team"]
[EventRounds "11"]
[EventCountry "SVK"]
[WhiteTeam "Kezmarok MSK CORA GEO  KdV"]
[BlackTeam "Dolny Kubin MSK"]

1. e4 e5 2. f4 d6 3. Nf3 Bg4 4. Bc4 Bxf3 5. Qxf3 Nf6 6. Qb3 d5 7. Bxd5 Nxd5 8.
Qxd5 Qxd5 9. exd5 exf4 10. d4 g5 11. O-O Bg7 12. Re1+ Kd7 13. c3 Na6 14. g3
fxg3 15. Bxg5 gxh2+ 16. Kxh2 Rae8 17. Nd2 c5 18. dxc6+ bxc6 19. Nc4 Rxe1 20.
Rxe1 Re8 21. Rxe8 Kxe8 22. Nd6+ Kd7 23. Nxf7 c5 24. d5 Nc7 25. Be3 Nxd5 26.
Bxc5 a6 27. Kg3 Kc6 28. Bg1 Bf6 29. Kg4 a5 30. Kf5 Bxc3 31. bxc3 Nxc3 32. a3
Nb1 33. Ne5+ Kb5 34. Bd4 Nxa3 35. Ke4 Nc4 36. Nxc4 Kxc4 1/2-1/2

[Event "SVK 1.liga vychod 2014/2015"]
[Site "Dolny Kubin"]
[Date "2015.03.14"]
[Round "10"]
[Board "3"]
[White "Milcova, Zuzana"]
[Black "Konak, Jan"]
[Result "0-1"]
[WhiteElo "2061"]
[BlackElo "2132"]
[PlyCount "102"]
[EventDate "2014.10.18"]
[EventType "team"]
[EventRounds "11"]
[EventCountry "SVK"]
[WhiteTeam "Dolny Kubin MSK"]
[BlackTeam "Kezmarok MSK CORA GEO  KdV"]

1. e4 c5 2. c3 d5 3. exd5 Qxd5 4. d4 Nc6 5. Nf3 Bg4 6. Be2 cxd4 7. cxd4 e6 8.
O-O Nf6 9. h3 Bh5 10. Nc3 Qa5 11. Be3 Bd6 12. Qb3 Qb4 13. Nb5 Qxb3 14. Nxd6+
Kd7 15. axb3 Kxd6 16. g4 Bg6 17. Ne5 Nd5 18. Nxc6 Kxc6 19. b4 Rhc8 20. Bf3 Kd7
21. Bxd5 exd5 22. Rfc1 Rc4 23. Rxc4 dxc4 24. b5 Be4 25. Kf1 Bd5 26. Bf4 f6 27.
Ke1 g5 28. Bg3 Bg2 29. Kd2 Bxh3 30. Rh1 Bg2 31. Rxh7+ Ke6 32. Kc3 Bd5 33. Kb4
b6 34. Rg7 a6 35. bxa6 Rxa6 36. f4 gxf4 37. Bxf4 Ra2 38. Kc3 b5 39. Bc7 b4+ 40.
Kxb4 Rxb2+ 41. Kc5 Rb7 42. g5 fxg5 43. Rh7 c3 44. Rh6+ Kf5 45. Ba5 c2 46. Bd2
Be4 47. Rh5 c1=Q+ 48. Bxc1 Rc7+ 49. Kd6 Rxc1 50. Rh2 g4 51. Rf2+ Bf3 0-1

[Event "SVK 1.liga vychod 2014/2015"]
[Site "Dolny Kubin"]
[Date "2015.03.14"]
[Round "10"]
[Board "4"]
[White "Hagara, Martin"]
[Black "Singliar, Anton"]
[Result "1-0"]
[WhiteElo "2121"]
[BlackElo "2108"]
[PlyCount "83"]
[EventDate "2014.10.18"]
[EventType "team"]
[EventRounds "11"]
[EventCountry "SVK"]
[WhiteTeam "Kezmarok MSK CORA GEO  KdV"]
[BlackTeam "Dolny Kubin MSK"]

1. e4 c5 2. c4 Nc6 3. Nc3 g6 4. Nge2 Bg7 5. d3 d6 6. h3 Nf6 7. g3 Bd7 8. Bg2
Qc8 9. Be3 Rb8 10. Qd2 a6 11. Bh6 O-O 12. Bxg7 Kxg7 13. Nd5 Nxd5 14. cxd5 Nd8
15. g4 f6 16. Ng3 Nf7 17. O-O Qc7 18. f4 Qb6 19. Rf2 a5 20. Re1 e5 21. dxe6
Bxe6 22. b3 Qb4 23. Qe3 a4 24. bxa4 Qxa4 25. Ref1 Qb4 26. f5 Bd7 27. fxg6 hxg6
28. Rxf6 Qd4 29. Qxd4 cxd4 30. Ne2 Ne5 31. Rxd6 Rxf1+ 32. Bxf1 Bc6 33. Nxd4 Ra8
34. Nxc6 Nxc6 35. Kf2 Rxa2+ 36. Kg3 Rb2 37. g5 Rb4 38. Rd7+ Kf8 39. Be2 b5 40.
Rd6 Ne7 41. Bg4 Rb1 42. Rb6 1-0

[Event "SVK 1.liga vychod 2014/2015"]
[Site "Dolny Kubin"]
[Date "2015.03.14"]
[Round "10"]
[Board "5"]
[White "Kucera, Juraj"]
[Black "Novotny, Adam"]
[Result "1/2-1/2"]
[WhiteElo "2021"]
[BlackElo "1864"]
[PlyCount "120"]
[EventDate "2014.10.18"]
[EventType "team"]
[EventRounds "11"]
[EventCountry "SVK"]
[WhiteTeam "Dolny Kubin MSK"]
[BlackTeam "Kezmarok MSK CORA GEO  KdV"]

1. d4 Nf6 2. Nc3 d5 3. Bg5 Nbd7 4. f3 c6 5. Qd2 e5 6. dxe5 Nxe5 7. e4 Bb4 8.
O-O-O O-O 9. exd5 h6 10. Bxf6 Qxf6 11. Qe3 Bf5 12. Ne4 Qe7 13. a3 Ba5 14. Ng3
Bb6 15. Qb3 Qg5+ 16. Kb1 cxd5 17. Nxf5 Qxf5 18. Rxd5 Rad8 19. Bd3 Qg5 20. g3
Rxd5 21. Qxd5 Rd8 22. Qe4 Nxd3 23. cxd3 Qb5 24. Ne2 Qxd3+ 25. Qxd3 Rxd3 26. f4
Rd2 27. Nc3 Bd4 28. Nd1 Kf8 29. h3 Ke7 30. Kc1 Re2 31. Rf1 Kd6 32. Rf3 Rh2 33.
g4 Kd5 34. Nc3+ Kc4 35. f5 Rh1+ 36. Kc2 Rh2+ 37. Kc1 Bf6 38. Kb1 Bd4 39. Kc1
Bf6 40. Nd1 Bg5+ 41. Kb1 Rd2 42. Nc3 Rd3 43. Rxd3 Kxd3 44. Nb5 Ke3 45. Kc2 Kf3
46. Kd3 Bc1 47. b3 h5 48. gxh5 Kg3 49. f6 gxf6 50. Nd6 Kh4 51. h6 Bxh6 52. Nxf7
Bf8 53. a4 Kxh3 54. Nd8 f5 55. Ke2 Kg2 56. Ne6 Bd6 57. Nd4 f4 58. Nf3 a6 59.
Nh4+ Kh3 60. Nf5 Kg2 1/2-1/2

[Event "SVK 1.liga vychod 2014/2015"]
[Site "Dolny Kubin"]
[Date "2015.03.14"]
[Round "10"]
[Board "6"]
[White "Endresz, Pavol"]
[Black "Murin, Pavol"]
[Result "1/2-1/2"]
[WhiteElo "1960"]
[BlackElo "2051"]
[PlyCount "96"]
[EventDate "2014.10.18"]
[EventType "team"]
[EventRounds "11"]
[EventCountry "SVK"]
[WhiteTeam "Kezmarok MSK CORA GEO  KdV"]
[BlackTeam "Dolny Kubin MSK"]

1. e4 c5 2. Nf3 d6 3. d4 cxd4 4. Nxd4 Nf6 5. f3 e5 6. Nb3 Be6 7. Nc3 Nbd7 8.
Be3 a6 9. Qd2 Rc8 10. g4 b5 11. g5 Nh5 12. O-O-O Nb6 13. Nd5 Nxd5 14. exd5 Bf5
15. Bd3 Bxd3 16. Qxd3 Be7 17. Qd2 O-O 18. Na5 Qd7 19. Rhg1 Rfe8 20. Nc6 g6 21.
Rdf1 Bf8 22. Rg4 Qf5 23. Rh4 Bg7 24. Qb4 e4 25. Rxe4 Rxe4 26. Qxe4 Qxe4 27.
fxe4 Re8 28. Bf4 Bf8 29. e5 Nxf4 30. Rxf4 dxe5 31. Re4 Bd6 32. b3 Kg7 33. Kd2
f5 34. gxf6+ Kxf6 35. c4 h5 36. Kd3 g5 37. Nd4 Rb8 38. Nc6 bxc4+ 39. Rxc4 Rb5
40. Ke4 g4 41. Rc2 Rb7 42. Rf2+ Kg5 43. Nxe5 Rb4+ 44. Nc4 Bb8 45. Rd2 Bf4 46.
Rf2 Bb8 47. Rd2 Bf4 48. Rf2 Bb8 1/2-1/2

[Event "SVK 1.liga vychod 2014/2015"]
[Site "Dolny Kubin"]
[Date "2015.03.14"]
[Round "10"]
[Board "7"]
[White "Hrnciar, Roman"]
[Black "Budzak, Marcel"]
[Result "1-0"]
[WhiteElo "2039"]
[BlackElo "1883"]
[PlyCount "59"]
[EventDate "2014.10.18"]
[EventType "team"]
[EventRounds "11"]
[EventCountry "SVK"]
[WhiteTeam "Dolny Kubin MSK"]
[BlackTeam "Kezmarok MSK CORA GEO  KdV"]

1. f4 d5 2. e3 Nf6 3. Nf3 c5 4. b3 Nc6 5. Bb5 a6 6. Bxc6+ bxc6 7. Ne5 Qc7 8.
Bb2 e6 9. O-O Rb8 10. d3 Be7 11. Nd2 a5 12. a4 Bd7 13. Qe1 Rg8 14. e4 h6 15.
Nxd7 Nxd7 16. e5 g6 17. Qg3 Rf8 18. Rae1 Nb6 19. c4 Kd7 20. Ba3 Nc8 21. Qf2 Qa7
22. g4 Rg8 23. Kh1 d4 24. f5 gxf5 25. gxf5 Bg5 26. fxe6+ fxe6 27. Ne4 Rb4 28.
Qf7+ Ne7 29. Rf6 Kd8 30. Rxe6 1-0

[Event "SVK 1.liga vychod 2014/2015"]
[Site "Dolny Kubin"]
[Date "2015.03.14"]
[Round "10"]
[Board "8"]
[White "Lukac, Jozef"]
[Black "Pecho, Juraj"]
[Result "1/2-1/2"]
[WhiteElo "2046"]
[BlackElo "1948"]
[PlyCount "99"]
[EventDate "2014.10.18"]
[EventType "team"]
[EventRounds "11"]
[EventCountry "SVK"]
[WhiteTeam "Kezmarok MSK CORA GEO  KdV"]
[BlackTeam "Dolny Kubin MSK"]

1. Nf3 Nf6 2. g3 d6 3. d4 g6 4. Bg2 Bg7 5. O-O O-O 6. c4 Nbd7 7. Nc3 e5 8. dxe5
Nxe5 9. Nxe5 dxe5 10. Qc2 c6 11. b3 Qe7 12. a4 Rd8 13. Ba3 Qe8 14. a5 a6 15.
Bc5 Bh6 16. Bb6 Rd2 17. Qc1 Bf5 18. e4 Bg4 19. h3 Be6 20. Nb1 Ra2 21. Qc3 Rxa1
22. Qxa1 Nd7 23. Nc3 Nxb6 24. axb6 Rd8 25. Rd1 Rxd1+ 26. Qxd1 Qd7 27. Qxd7 Bxd7
28. Na4 Bf8 29. Kf1 Bb4 30. Ke2 c5 31. Nb2 Bc3 32. Nd3 Bd4 33. f4 f6 34. g4 g5
35. f5 Kf7 36. Kd2 a5 37. Bf3 Ke7 38. Kc2 Kd6 39. Nb2 Bxb2 40. Kxb2 Kc6 41. Be2
Kxb6 42. Kc3 Ka6 43. Bd1 Bc6 44. Bc2 h6 45. Bd3 b5 46. Bc2 b4+ 47. Kb2 a4 48.
Bd3 Ka5 49. Bb1 axb3 50. Bd3 1/2-1/2

[Event "SVK 1.liga vychod 2014/2015"]
[Site "Zilina"]
[Date "2015.03.15"]
[Round "11"]
[Board "1"]
[White "Andras, Tomas"]
[Black "Kociscak, Jiri"]
[Result "0-1"]
[WhiteElo "2121"]
[BlackElo "2439"]
[PlyCount "102"]
[EventDate "2014.10.18"]
[EventType "team"]
[EventRounds "11"]
[EventCountry "SVK"]
[WhiteTeam "Kezmarok MSK CORA GEO  KdV"]
[BlackTeam "Zilina TJ Mladost"]

1. e4 e5 2. f4 exf4 3. Nf3 g5 4. Bc4 Bg7 5. d4 Nc6 6. c3 h6 7. g3 Nge7 8. gxf4
g4 9. Rg1 d5 10. exd5 Nxd5 11. Qe2+ Nce7 12. Ne5 h5 13. Be3 Bf5 14. Nd2 c6 15.
O-O-O Qd6 16. h3 Nxc3 17. Bxf7+ Kf8 18. Qc4 Nxd1 19. Kxd1 Nd5 20. Bxd5 Qxd5 21.
Qb4+ c5 22. dxc5 Kg8 23. hxg4 hxg4 24. Nxg4 Rf8 25. Qc4 Be6 26. Qxd5 Bxd5 27.
Kc2 Rh1 28. Rg3 Kh7 29. a3 a6 30. Nf2 Rh2 31. Nf3 Bxf3 32. Rxf3 Re8 33. Bd2 Re2
34. Rh3+ Rxh3 35. Nxh3 Bxb2 36. Ng5+ Kg6 37. Kxb2 Rxd2+ 38. Kc3 Re2 39. Kc4
Rc2+ 40. Kb4 Kf5 41. Nf7 Ke6 42. Ne5 Kd5 43. Ng6 Rc4+ 44. Kb3 Kxc5 45. f5 Rg4
46. Ne7 Rf4 47. Kc3 Rf3+ 48. Kd2 Rxa3 49. Ke2 Kd6 50. f6 Ke6 51. Nd5 Ra5 0-1

[Event "SVK 1.liga vychod 2014/2015"]
[Site "Zilina"]
[Date "2015.03.15"]
[Round "11"]
[Board "2"]
[White "Pechac, Jergus"]
[Black "Konak, Jan"]
[Result "1-0"]
[WhiteElo "2182"]
[BlackElo "2132"]
[PlyCount "69"]
[EventDate "2014.10.18"]
[EventType "team"]
[EventRounds "11"]
[EventCountry "SVK"]
[WhiteTeam "Zilina TJ Mladost"]
[BlackTeam "Kezmarok MSK CORA GEO  KdV"]

1. e4 c5 2. Nf3 d6 3. d4 cxd4 4. Nxd4 Nf6 5. Nc3 a6 6. Be3 e6 7. g4 e5 8. Nf5
g6 9. g5 gxf5 10. gxf6 f4 11. Bd2 Nd7 12. Bc4 Nxf6 13. Qe2 Be6 14. Nd5 Rc8 15.
O-O-O h5 16. f3 b5 17. Bb3 Bxd5 18. exd5 Bh6 19. Kb1 Nd7 20. c3 Nb6 21. Qd3 Qf6
22. Qf1 Nc4 23. Qh3 Nxd2+ 24. Rxd2 Ke7 25. Bc2 Bg5 26. Qf1 Rc5 27. Rg1 Rb8 28.
Rdg2 Bh6 29. Rg8 Rxg8 30. Rxg8 Qh4 31. Qg1 Kf6 32. Be4 a5 33. a3 a4 34. Rd8 Rc7
35. Rxd6+ 1-0

[Event "SVK 1.liga vychod 2014/2015"]
[Site "Zilina"]
[Date "2015.03.15"]
[Round "11"]
[Board "3"]
[White "Hagara, Martin"]
[Black "Zvarik, Martin"]
[Result "0-1"]
[WhiteElo "2121"]
[BlackElo "2243"]
[PlyCount "168"]
[EventDate "2014.10.18"]
[EventType "team"]
[EventRounds "11"]
[EventCountry "SVK"]
[WhiteTeam "Kezmarok MSK CORA GEO  KdV"]
[BlackTeam "Zilina TJ Mladost"]

1. e4 e5 2. Bc4 Nf6 3. d3 b5 4. Bb3 Be7 5. Nf3 d6 6. Nbd2 O-O 7. Nf1 c5 8. a4
c4 9. Ba2 d5 10. exd5 cxd3 11. Ne3 e4 12. Nd2 bxa4 13. cxd3 exd3 14. Qxa4 Nbd7
15. O-O Nc5 16. Qd4 Rb8 17. Bc4 a5 18. Bxd3 Rb4 19. Bc4 Nfd7 20. Ng4 Nb6 21.
Ne5 Bb7 22. b3 Nxb3 23. Nxb3 Nxc4 24. Nxc4 Bf6 25. Qc5 Bxa1 26. Ncxa5 Rxb3 27.
Nxb3 Be5 28. Ba3 Re8 29. Qb5 Qa8 30. Rd1 Rd8 31. Be7 Rxd5 32. Rxd5 Bxd5 33. Nd2
f6 34. g3 Kf7 35. Bc5 Bc6 36. Qf1 Bd5 37. Nc4 Bc7 38. Ne3 Be6 39. Qd1 g6 40.
Bd4 Qc6 41. Qa1 Bd8 42. Qa7+ Be7 43. Qa1 Qe4 44. Qd1 Bc8 45. f3 Qe6 46. Qf1 Ba6
47. Qa1 h5 48. Kg2 Bb7 49. Qf1 Qa2+ 50. Qf2 Qa4 51. Qb2 Qc6 52. Qb3+ Kg7 53.
Nc4 Qd5 54. Na5 Ba8 55. Qe3 Qa2+ 56. Kg1 Qb1+ 57. Kg2 Qc2+ 58. Kg1 Qd1+ 59. Kg2
Bxf3+ 60. Kf2 Bd8 61. Nc4 Bd5 62. Nd6 Qc2+ 63. Qe2 Qxe2+ 64. Kxe2 Kf8 65. Ke3
Ke7 66. Nb5 Ke6 67. Nc3 Bc6 68. Ne2 Kf5 69. Nf4 Be8 70. Nd5 Bf7 71. Nf4 g5 72.
Nd3 Bc7 73. Nf2 Bd5 74. Bc5 Kg6 75. Bd4 Bg2 76. Nd3 Bf1 77. Nb4 Bc4 78. Nc6 Bd6
79. Bc3 Bd5 80. Nd4 f5 81. Ne2 Bc4 82. Be1 Bc5+ 83. Nd4 Kf6 84. Bc3 Ke5 0-1

[Event "SVK 1.liga vychod 2014/2015"]
[Site "Zilina"]
[Date "2015.03.15"]
[Round "11"]
[Board "4"]
[White "Svana, Peter"]
[Black "Novotny, Adam"]
[Result "1-0"]
[WhiteElo "2209"]
[BlackElo "1864"]
[PlyCount "73"]
[EventDate "2014.10.18"]
[EventType "team"]
[EventRounds "11"]
[EventCountry "SVK"]
[WhiteTeam "Zilina TJ Mladost"]
[BlackTeam "Kezmarok MSK CORA GEO  KdV"]

1. d4 Nf6 2. Nf3 g6 3. Nbd2 Bg7 4. e4 O-O 5. e5 Nd5 6. Bc4 Nb6 7. Bb3 d6 8. c3
Nc6 9. exd6 exd6 10. O-O Bf5 11. a4 Na5 12. Ba2 c5 13. Re1 h6 14. Nf1 Nc6 15.
Be3 c4 16. b4 Bd3 17. N1d2 Rc8 18. Bb1 Bxb1 19. Qxb1 Nd5 20. Qc1 Nxe3 21. Rxe3
d5 22. Qa3 Re8 23. Nf1 Qd7 24. a5 Re4 25. b5 Ne7 26. Rxe4 dxe4 27. N3d2 f5 28.
Nxc4 Nd5 29. Qb3 f4 30. Re1 Qe6 31. Nfd2 Nf6 32. a6 b6 33. Qc2 Qd5 34. Ne5 Qxd4
35. Nc6 Qd7 36. Nxe4 Nd5 37. Rd1 1-0

[Event "SVK 1.liga vychod 2014/2015"]
[Site "Zilina"]
[Date "2015.03.15"]
[Round "11"]
[Board "5"]
[White "Endresz, Pavol"]
[Black "Prielozny, Stanislav"]
[Result "0-1"]
[WhiteElo "1960"]
[BlackElo "2128"]
[PlyCount "106"]
[EventDate "2014.10.18"]
[EventType "team"]
[EventRounds "11"]
[EventCountry "SVK"]
[WhiteTeam "Kezmarok MSK CORA GEO  KdV"]
[BlackTeam "Zilina TJ Mladost"]

1. e4 c6 2. d4 d5 3. Nc3 dxe4 4. Nxe4 Nd7 5. Bc4 Ngf6 6. Ng3 e6 7. Nf3 Be7 8.
O-O O-O 9. Re1 c5 10. c3 Nb6 11. Bb3 cxd4 12. Qxd4 Qxd4 13. Nxd4 Bc5 14. Be3
Nbd5 15. Nc2 Nxe3 16. Nxe3 b5 17. Rad1 Bb7 18. Rd3 Rfd8 19. Red1 Rxd3 20. Rxd3
a5 21. Bd1 Kf8 22. Ng4 Nxg4 23. Bxg4 Rc8 24. Kf1 Bd5 25. b3 Rc7 26. Bf3 Bxf3
27. Rxf3 Be7 28. Ke2 h6 29. Rd3 f5 30. Nf1 Bf6 31. Kd2 Ke7 32. Kc2 g5 33. Nd2
g4 34. c4 Bg5 35. Rc3 Bxd2 36. Kxd2 bxc4 37. Rxc4 Rxc4 38. bxc4 Kd6 39. Kd3 Kc5
40. f4 gxf3 41. gxf3 e5 42. h3 a4 43. h4 h5 44. a3 e4+ 45. fxe4 fxe4+ 46. Kxe4
Kxc4 47. Kf5 Kb3 48. Kg6 Kxa3 49. Kxh5 Kb4 50. Kg6 a3 51. h5 a2 52. Kh7 a1=Q
53. h6 Qf6 0-1

[Event "SVK 1.liga vychod 2014/2015"]
[Site "Zilina"]
[Date "2015.03.15"]
[Round "11"]
[Board "6"]
[White "Kopera, Michal"]
[Black "Budzak, Marcel"]
[Result "1-0"]
[WhiteElo "2131"]
[BlackElo "1883"]
[PlyCount "85"]
[EventDate "2014.10.18"]
[EventType "team"]
[EventRounds "11"]
[EventCountry "SVK"]
[WhiteTeam "Zilina TJ Mladost"]
[BlackTeam "Kezmarok MSK CORA GEO  KdV"]

1. e4 c5 2. Nf3 Nc6 3. d4 cxd4 4. Nxd4 d6 5. c4 Nf6 6. Nc3 g6 7. Be2 Bg7 8. Be3
O-O 9. O-O Bd7 10. Rc1 h5 11. Nxc6 Bxc6 12. f3 b6 13. b4 Nd7 14. Qb3 Kh7 15.
Rfd1 Qe8 16. Nb5 Qb8 17. Nd4 Bb7 18. Qa4 Qc8 19. Qc2 a6 20. f4 Nf6 21. Bf3 Ng4
22. Bxg4 Qxg4 23. Nf3 Rac8 24. h3 Qd7 25. Bxb6 Qc6 26. Be3 Bh6 27. e5 dxe5 28.
Nxe5 Qe6 29. c5 Rcd8 30. a4 f5 31. c6 Bc8 32. b5 axb5 33. axb5 g5 34. Qf2 Rxd1+
35. Rxd1 gxf4 36. Bxf4 Qb3 37. Rd3 Qxb5 38. Bxh6 Kxh6 39. Qf4+ Kh7 40. Rg3 Qb1+
41. Kh2 Rg8 42. Rxg8 Kxg8 43. Qg5+ 1-0

[Event "SVK 1.liga vychod 2014/2015"]
[Site "Zilina"]
[Date "2015.03.15"]
[Round "11"]
[Board "7"]
[White "Hagara, Eduard"]
[Black "Turcel, Jozef"]
[Result "0-1"]
[WhiteElo "1850"]
[BlackElo "2046"]
[PlyCount "26"]
[EventDate "2014.10.18"]
[EventType "team"]
[EventRounds "11"]
[EventCountry "SVK"]
[WhiteTeam "Kezmarok MSK CORA GEO  KdV"]
[BlackTeam "Zilina TJ Mladost"]

1. e4 e5 2. Bc4 Nc6 3. c3 Nf6 4. d3 Bc5 5. f4 O-O 6. Nf3 d6 7. Qe2 d5 8. Bb3
dxe4 9. dxe4 exf4 10. Kf1 Nh5 11. Bc2 Bg4 12. Qc4 Bb6 13. b4 Bxf3 0-1

[Event "SVK 1.liga vychod 2014/2015"]
[Site "Zilina"]
[Date "2015.03.15"]
[Round "11"]
[Board "8"]
[White "Staffen, Richard"]
[Black "Grich, Frantisek"]
[Result "0-1"]
[WhiteElo "1974"]
[BlackElo "1895"]
[PlyCount "103"]
[EventDate "2014.10.18"]
[EventType "team"]
[EventRounds "11"]
[EventCountry "SVK"]
[WhiteTeam "Zilina TJ Mladost"]
[BlackTeam "Kezmarok MSK CORA GEO  KdV"]

1. d4 d5 2. c4 e6 3. Nc3 Nf6 4. Bg5 Nbd7 5. e3 c6 6. Nf3 Qa5 7. Qc2 Bb4 8. Bxf6
Nxf6 9. Nd2 O-O 10. Bd3 b5 11. cxb5 cxb5 12. Nxb5 Bd7 13. Nc3 Rac8 14. Rc1 Ba4
15. Nb3 Bxb3 16. Qxb3 Rb8 17. Qc2 Qxa2 18. Rb1 Rbc8 19. Kd2 Rc7 20. Ra1 Bxc3+
21. Qxc3 Rxc3 22. Rxa2 Rb3 23. Bc2 Rb7 24. Rha1 Rfb8 25. b3 Ra8 26. f3 Kf8 27.
Ra4 Ne8 28. e4 Nc7 29. h4 a6 30. exd5 exd5 31. Ra5 Ke7 32. Re1+ Kd6 33. Re3 Rb4
34. Ra4 Rab8 35. Kc3 R4b6 36. Kb2 g6 37. Re5 Ne6 38. Ra5 Nc7 39. Kc3 f6 40. Re3
Nb5+ 41. Kd3 Rc8 42. Ra4 Rbc6 43. Bb1 Nc3 44. Ra1 Nd1 45. Re1 Nc3 46. Re3 Nb5
47. h5 gxh5 48. Ra4 Rg8 49. Ra2 Nc3 50. Rb2 Nd1 51. Rbe2 Rc3+ 52. Kd2 0-1